বৌদ্ধ সাহিত্য / (Record no. 38243)
[ view plain ]
| 000 -LEADER | |
|---|---|
| fixed length control field | 01032nam a22002537a 4500 |
| 001 - CONTROL NUMBER | |
| control field | 38243 |
| 003 - CONTROL NUMBER IDENTIFIER | |
| rucl marc code | BD-RjUL |
| 005 - DATE AND TIME OF LATEST TRANSACTION | |
| control field | 20211209052745.0 |
| 008 - FIXED-LENGTH DATA ELEMENTS--GENERAL INFORMATION | |
| fixed length control field | 151014s2007 ii ||||| b||| 00| 0 ben d |
| 020 ## - INTERNATIONAL STANDARD BOOK NUMBER | |
| International Standard Book Number | 8187032685 |
| 035 ## - SYSTEM CONTROL NUMBER | |
| System control number | (BD-RjUL)38348 |
| 040 ## - CATALOGING SOURCE | |
| Original cataloging agency | BD-RjUL |
| Language of cataloging | ben |
| Transcribing agency | BD-RjUL |
| 041 ## - LANGUAGE CODE | |
| Language code of text/sound track or separate title | ben |
| 082 ## - DEWEY DECIMAL CLASSIFICATION NUMBER | |
| Edition number | 22 |
| Classification number | 294.3 |
| Author mark and year | CHB 2007 |
| 100 ## - MAIN ENTRY--PERSONAL NAME | |
| Personal name | চৌধুরী, বিনয়েন্দ্র নাথ |
| 9 (RLIN) | 118240 |
| 245 ## - TITLE STATEMENT | |
| Title | বৌদ্ধ সাহিত্য / |
| Statement of responsibility, etc. | বিনয়েন্দ্র নাথ চৌধুরী ; সুকোমল চৌধুরী সম্পাদিত |
| 250 ## - EDITION STATEMENT | |
| Edition statement | ২য় সং. |
| 260 ## - PUBLICATION, DISTRIBUTION, ETC. (IMPRINT) | |
| Place of publication, distribution, etc. | কলকাতা : |
| Name of publisher, distributor, etc. | মহাবোধি বুক এজেন্সী, |
| Date of publication, distribution, etc. | ২০০৭ |
| 300 ## - PHYSICAL DESCRIPTION | |
| Pagination | ২৭৬ পৃ়. ; |
| Size | ২১ সেমি. |
| 490 ## - SERIES STATEMENT | |
| Series statement | বুদ্ধ ও বৌদ্ধধর্ম সিরিজ- |
| Volume/sequential designation | গ্রন্থমালা ৩ |
| 650 ## - SUBJECT ADDED ENTRY--TOPICAL TERM | |
| Topical term or geographic name as entry element | বৌদ্ধধর্ম |
| 9 (RLIN) | 118241 |
| Topical term or geographic name as entry element | Buddhism. |
| 9 (RLIN) | 118242 |
| 942 ## - ADDED ENTRY ELEMENTS (KOHA) | |
| Source of classification or shelving scheme | Dewey Decimal Classification |
| Koha item type | Books |
| Lost status | Source of classification or shelving scheme | Damaged status | Not for loan | Collection code | Permanent Location | Current Location | Shelving location | Date acquired | Source of acquisition | Cost, normal purchase price | Total Checkouts | Full call number | Date last seen | Date checked out | Copy number | Koha item type |
|---|---|---|---|---|---|---|---|---|---|---|---|---|---|---|---|---|
| Dewey Decimal Classification | Non-fiction | Central Library, University of Rajshahi | Central Library, University of Rajshahi | 10/05/2008 | Paragon, Dhaka | 150.00 | 1 | B 294.3 CHB 2007 | 21/11/2015 | 17/10/2015 | C-7 | Books | ||||
| Dewey Decimal Classification | Non-fiction | Central Library, University of Rajshahi | Central Library, University of Rajshahi | 10/05/2008 | Paragon, Dhaka | 150.00 | B 294.3 CHB 2007 | 14/10/2015 | C-9 | Books | ||||||
| Dewey Decimal Classification | Non-fiction | Central Library, University of Rajshahi | Central Library, University of Rajshahi | 10/05/2008 | Paragon, Dhaka | 150.00 | B 294.3 CHB 2007 | 14/10/2015 | C-8 | Books | ||||||
| Dewey Decimal Classification | Non-fiction | Central Library, University of Rajshahi | Central Library, University of Rajshahi | 10/05/2008 | Paragon, Dhaka | 150.00 | 1 | B 294.3 CHB 2007 | 26/04/2018 | 22/04/2018 | C-10 | Books | ||||
| Dewey Decimal Classification | Non-fiction | Central Library, University of Rajshahi | Central Library, University of Rajshahi | 10/05/2008 | Paragon, Dhaka | 150.00 | 1 | B 294.3 CHB 2007 | 19/04/2018 | 19/04/2018 | C-6 | Books | ||||
| Dewey Decimal Classification | Non-fiction | Central Library, University of Rajshahi | Central Library, University of Rajshahi | 10/05/2008 | Paragon, Dhaka | 150.00 | B 294.3 CHB 2007 | 14/10/2015 | C-5 | Books | ||||||
| Dewey Decimal Classification | Non-fiction | Central Library, University of Rajshahi | Central Library, University of Rajshahi | 10/05/2008 | Paragon, Dhaka | 150.00 | B 294.3 CHB 2007 | 14/10/2015 | C-3 | Books | ||||||
| Dewey Decimal Classification | Non-fiction | Central Library, University of Rajshahi | Central Library, University of Rajshahi | 10/05/2008 | Paragon, Dhaka | 150.00 | B 294.3 CHB 2007 | 14/10/2015 | C-2 | Books | ||||||
| Dewey Decimal Classification | Non-fiction | Central Library, University of Rajshahi | Central Library, University of Rajshahi | 10/05/2008 | Paragon, Dhaka | 150.00 | B 294.3 CHB 2007 | 14/10/2015 | C-4 | Books | ||||||
| Dewey Decimal Classification | Not For Loan | Non-fiction | Central Library, University of Rajshahi | Central Library, University of Rajshahi | Reading Room | 09/03/2008 | Dhaka, Paragon ent. Ltd. | 150.00 | B 294.3 CHB 2007 | 14/02/2017 | C-1 | Books |